Naruto-Test d'affinité de la nature du chakra - Statistiques

Statistiques générales
  • Ce quiz a été pris 735 fois
  • Le résultat moyen est 4 sur 5
Statistiques - réponses
Hint Réponse % Correct
Eau Le papier devient humide
93%
Feu Le papier s'enflamme et se transforme en cendres
91%
Vent Le papier se coupe en deux
77%
Terre Le papier se froisse et s'effrite
69%
Foudre Le papier se froisse
56%
Aucun quiz correspondant
Distribution des résultats
% des personnes avec chaque résultat
Percentile par nombre de réponses
Votre historique - résultats
Vous n’avez pas pris ce quiz